01224nam a22002174a 4500020002800000020003100028020001500059040000800074082002600082245015700108260003700265300004100302520050700343650001800850650001800868650002300886650003200909700002600941700002100967700001800988 a0387255257 (alk. paper) a9780387255255 (alk. paper) a0387255257 cDLC00a333 FAO 2019 C323 Or.00a Forest restoration in landscapes : RESTORING FOREST LANDSCAPES THROUGH ASSISTED NATURAL REGENERATION (ANTR) A practical manualbbeyond planting trees / aNew York, NY :bSpringer,cc2005 axxviii, 437 p. :bill., map ;c27 cm1 a"This book represents the collective body of knowledge and experience of WWF and its many partners - which is collected here for the first time and which will be invaluable to all of those working in the field. This guide will serve as a first stop for practitioners and researchers in any organisation or region and as a key reference on the subject. Along with concise, practical information for a variety of specific systems and issues, it gives many suggestions for further research."--BOOK JACKET. 0aReforestation 0aAfforestation 0aForest restoration 0aForest landscape management1 aMansourian, Stephanie1 aVallauri, Daniel1 aDudley, Nigel